|
|
|
|
| LEADER |
00000naa0a2200000 4500 |
| 001 |
594730 |
| 005 |
20250213110811.0 |
| 035 |
|
|
|a (RuTPU)RU\TPU\tpu\11568
|
| 035 |
|
|
|a RU\TPU\tpu\11567
|
| 090 |
|
|
|a 594730
|
| 100 |
|
|
|a 20040217d1967 k||y0rusy50 ca
|
| 101 |
0 |
|
|a rus
|
| 102 |
|
|
|a RU
|
| 200 |
1 |
|
|a Контактные процессы при резании титанового сплава ВТЗ-1 в смазочно-охлаждающих средах
|f А. И. Промптов, Р. В. Макаров
|
| 461 |
|
|
|t Труды Иркутского политехнического института
|
| 463 |
|
|
|t Вып. 36
|v С. 61-67
|d 1967
|
| 610 |
1 |
|
|a контактные процессы
|
| 610 |
1 |
|
|a сплав ВТЗ-1
|
| 610 |
1 |
|
|a титановые сплавы
|
| 610 |
1 |
|
|a резание
|
| 610 |
1 |
|
|a смазочно-охлаждающие среды
|
| 610 |
1 |
|
|a труды учёных ТПУ
|
| 700 |
|
1 |
|a Промптов
|b А. И.
|
| 701 |
|
1 |
|a Макаров
|b Р. В.
|
| 801 |
|
1 |
|a RU
|b 63413507
|c 20040217
|g PSBO
|
| 801 |
|
2 |
|a RU
|b 63413507
|c 20100320
|g PSBO
|
| 942 |
|
|
|c CR
|